|
|
|
|
| LEADER |
00000ny a22000003n 4500 |
| 005 |
2011051107567.0 |
| 008 |
071017c us mr pss 0 a0eng d |
| 022 |
|
|
|a 1528-848X
|
| 035 |
|
|
|a 2972
|
| 040 |
|
|
|a BUS
|d vLex
|
| 090 |
|
|
|c 1663
|d 1663
|
| 245 |
0 |
0 |
|a Nursing law's Regan report
|h [Recurso electrn̤ico]
|
| 246 |
3 |
3 |
|a NLRR
|
| 256 |
|
|
|a Servicio en ln̕ea
|
| 260 |
|
|
|a Providence, RI :
|b Medica Press
|
| 506 |
1 |
|
|a Contenido solo disponible en los productos indicados
|d vLex Global
|d vLex Global (Academic Edition, excluding Law Schools)
|d vLex Global (Academic Edition, Law Schools)
|
| 650 |
0 |
4 |
|a Enfermera̕
|x Publicaciones perid̤icas
|
| 740 |
0 |
|
|a vLex Revista (Servicios en ln̕ea)
|
| 780 |
0 |
0 |
|t Regan report on nursing law
|
| 843 |
|
|
|a Electrn̤ica. Abierta
|
| 853 |
|
|
|8 1
|i (year)
|j (month)
|k (day)
|
| 856 |
4 |
0 |
|z Acceso restringido
|u http://vlex.com/account/login_ip?fuente_id=2972
|
| 942 |
|
|
|c REV
|